000 00498nam a2200193Ia 4500
003 OSt
005 20240628141420.0
008 210210b1971 xxu||||| |||| 00| 0 eng d
040 _cAL
041 _aHindi
082 _aH891.2 HARB
100 _aHARIKRASHN.
_dबंधू-मिलन
_9171916
245 _aBandhu - milan.
_b हरिकृष्ण
260 _aIlahabad
_bAdhunik Prakashan
_c1971
300 _a109
690 _aHindi Drama
_9171917
906 _a029030
942 _2ddc
_cBK
999 _c80258
_d80258